Islamic law(Al-Fiqh)
| Main Author: | |
|---|---|
| Format: | Book |
| Published: |
Singapura :
Ze Majeed's ,
1991
|
| Subjects: |
MARC
| LEADER | 00000cam a2200000 7i4500 | ||
|---|---|---|---|
| 001 | 0000004501 | ||
| 002 | 000004850 | ||
| 005 | 20000330.0 | ||
| 020 | |a 9810002831 | ||
| 090 | 0 | 0 | |a 340.59 |b MAJ |
| 100 | 1 | |a Majeed, F.S.A | |
| 245 | 1 | 0 | |a Islamic law(Al-Fiqh) |c F.S.A.Majeed |
| 255 | |a Vol.1 | ||
| 260 | |a Singapura : |b Ze Majeed's , |c 1991 | ||
| 300 | |a 287p. ; |c 22cm. | ||
| 650 | 0 | 0 | |a Fiqh, Islam |
| 650 | 0 | 0 | |a Islamic law |
| 999 | |a 034575 |b BUKU |c PINJAMAN |e PERPUSTAKAAN KOMUNITI PETALING JAYA | ||
| 999 | |a 034576 |b BUKU |c PINJAMAN |e PERPUSTAKAAN KOMUNITI PETALING JAYA | ||